00390 a2200133 4500010002700000020002300027035002600050037001000076082000600086245005400092260003200146270005500178300002300233 aB-284401 , B-226610 a0571218954c295.00 aB-284401 , B-226610 bSuper aN aHullabaloo in the guava orchard /cby Kiran Desai aLondonbPenguin Booksc2002 aFaber and Faber, 3 Queen Square bLondoneWCIN 3AU a209p.c22cm. (pbk)